Rocky Franchise - Statistics

General Stats
  • This quiz has been taken 38 times
  • The average score is 13 of 18
Answer Stats
Type Year Name Info % Correct
Film 1976 Rocky United Artists
100%
Video Game 1987 Rocky Sega
100%
Video Game 2002 Rocky Rage Software / Ubisoft
100%
Statue 2007 Rocky Boris Staparac
100%
Film 2006 Rocky Balboa MGM
100%
Video Game 2007 Rocky Balboa Ubisoft
100%
Film 1979 Rocky II United Artists
100%
Film 1982 Rocky III United Artists
100%
Film 1985 Rocky IV MGM
100%
Film 1990 Rocky V MGM
100%
Film 2015 Creed Warner Bros.
96%
Film 2018 Creed II Warner Bros. / 20th Century Fox
96%
Video Game 2004 Rocky Legends Ubisoft
21%
Short Film 1986 Rocky VI Megamania / Villealfa Filmproductions
21%
Musical 2012 Rocky the Musical Stephen Flaherty
11%
Video Game 2018 Creed: Rise to Glory Survios
7%
Film 1988 Ricky 1 Naud Productions
4%
Video Game 1983 Rocky Super Action Boxing Coleco
4%
No matching quizzes found
Score Distribution
Percent of People with Each Score
Percentile by Number Answered
Your Score History
You have not taken this quiz